000
00330nam a2200157Ia 4500
100
_a
Blake/Roy
650
_a
Wireless
942
_c
BK
366
_f
25
245
_a
Wireless communication technology
260
_b
Cengage Learning
_c
2001
082
_a
621.382
_b
BLA
300
_a
604
546
_a
ENGLISH
_c
TTL
999
_c
32830
_d
32830